000 00615nam a2200193Ia 4500
008 151121s9999||||xx |||||||||||||| ||und||
082 _a813/बेडेक
082 _bHNW-71902
100 _aबेडेकर विश्राम
245 _aरणांगण
260 _b"देशमुख आणि कंपनी, प्रा।लि। पुणे।"
260 _c--
300 _a102
600 _aबेडेकर विश्राम
630 _aरणांगण
700 _aबेडेकर विश्राम
730 _aरणांगण
942 _cBOOK
999 _c1253366
_d1253363